000 01471nam2a2200253 4500
001 rc\2974991
005 20260315061845.0
035 _a(NLR Aleph) 007120736
090 _a13608510
_c13608510
100 _a20110908d1937 u y0rusy50 ca
101 0 _arus
102 _aRU
105 _ay z |||||
200 1 _aˆ...‰ по эмбриологии и гистологии животных
_eДля фак-тов естесвознания педин-тов
210 _d1937
215 _a8 с.
300 _aНа обороте тит. л.: "Автор - доц. К.В. Магржковская"
461 0 _1001rc\2974981
_12001#$aˆ[‰Методические указания для заочников к программе]$fУпр. подготовки учителей НКП РСФСР. Науч.-метод. кабинет по заоч. обуч.$vВып. 29
_96860052
_aНаучно-методический кабинет по заочному обучению учителей (Москва)
_c[Москва]
_d1937
_fУпр. подготовки учителей НКП РСФСР. Науч.-метод. кабинет по заоч. обуч.
_nНаркомпрос РСФСР
_tˆ[‰Методические указания для заочников к программе]
_vВып. 29
701 1 _aМагржковская
_bК.В.
801 0 _aRU
_bNLR
_gpsbo
801 1 _aRU
_bELAR
_2rusmarc
852 _aNLR
_j36-17/7(29)
942 _cUNSPEC
980 _aNB